000 00503nam a2200181Ia 4500
999 _c22746
_d22746
003 OSt
005 20200210133107.0
008 190216s9999||||xx |||||||||||||| ||und||
020 _a8162712467
040 _coclc
082 _a297
_bMOU/R
100 _aMoudoodi, Abul Ala
_91860
245 0 _aRaksha sarani /
_cAbul Ala Moudoodi
260 _bIslamic Publishing House,
_aKozhikode :
300 _a31p
650 _aIslamic History
942 _cBK
_2ddc
_h297
_iMOU/R
_k297
_mMOU/R